<?xml version="1.0" encoding="UTF-8"?><?xml-stylesheet type="text/xsl" href="static/style.xsl"?><OAI-PMH xmlns="http://www.openarchives.org/OAI/2.0/" xmlns:xsi="http://www.w3.org/2001/XMLSchema-instance" xsi:schemaLocation="http://www.openarchives.org/OAI/2.0/ http://www.openarchives.org/OAI/2.0/OAI-PMH.xsd"><responseDate>2026-04-29T12:24:10Z</responseDate><request verb="GetRecord" identifier="oai:repisalud.isciii.es:20.500.12105/27146" metadataPrefix="marc">https://repisalud.isciii.es/rest/oai/request</request><GetRecord><record><header><identifier>oai:repisalud.isciii.es:20.500.12105/27146</identifier><datestamp>2026-01-15T01:20:48Z</datestamp><setSpec>com_20.500.12105_2052</setSpec><setSpec>com_20.500.12105_2051</setSpec><setSpec>col_20.500.12105_19608</setSpec></header><metadata><record xmlns="http://www.loc.gov/MARC21/slim" xmlns:dcterms="http://purl.org/dc/terms/" xmlns:doc="http://www.lyncode.com/xoai" xmlns:xsi="http://www.w3.org/2001/XMLSchema-instance" xsi:schemaLocation="http://www.loc.gov/MARC21/slim http://www.loc.gov/standards/marcxml/schema/MARC21slim.xsd">
   <leader>00925njm 22002777a 4500</leader>
   <datafield ind2=" " ind1=" " tag="042">
      <subfield code="a">dc</subfield>
   </datafield>
   <datafield ind2=" " ind1=" " tag="720">
      <subfield code="a">Jarrin Vera, Inmaculada</subfield>
      <subfield code="e">author</subfield>
   </datafield>
   <datafield ind2=" " ind1=" " tag="720">
      <subfield code="a">Rava, Marta</subfield>
      <subfield code="e">author</subfield>
   </datafield>
   <datafield ind2=" " ind1=" " tag="720">
      <subfield code="a">Del Romero Raposo, Jorge</subfield>
      <subfield code="e">author</subfield>
   </datafield>
   <datafield ind2=" " ind1=" " tag="720">
      <subfield code="a">Rivero, Antonio</subfield>
      <subfield code="e">author</subfield>
   </datafield>
   <datafield ind2=" " ind1=" " tag="720">
      <subfield code="a">Del Romero Guerrero, Jorge</subfield>
      <subfield code="e">author</subfield>
   </datafield>
   <datafield ind2=" " ind1=" " tag="720">
      <subfield code="a">De Lagarde, María</subfield>
      <subfield code="e">author</subfield>
   </datafield>
   <datafield ind2=" " ind1=" " tag="720">
      <subfield code="a">Martínez Sanz, Javier</subfield>
      <subfield code="e">author</subfield>
   </datafield>
   <datafield ind2=" " ind1=" " tag="720">
      <subfield code="a">Navarro, Gemma</subfield>
      <subfield code="e">author</subfield>
   </datafield>
   <datafield ind2=" " ind1=" " tag="720">
      <subfield code="a">Dalmau, David</subfield>
      <subfield code="e">author</subfield>
   </datafield>
   <datafield ind2=" " ind1=" " tag="720">
      <subfield code="a">Blanco, José Ramón</subfield>
      <subfield code="e">author</subfield>
   </datafield>
   <datafield ind2=" " ind1=" " tag="720">
      <subfield code="a">Koerting, Ana</subfield>
      <subfield code="e">author</subfield>
   </datafield>
   <datafield ind2=" " ind1=" " tag="720">
      <subfield code="a">Gomez Castell, Javier</subfield>
      <subfield code="e">author</subfield>
   </datafield>
   <datafield ind2=" " ind1=" " tag="720">
      <subfield code="a">Del Amo, Julia</subfield>
      <subfield code="e">author</subfield>
   </datafield>
   <datafield ind2=" " ind1=" " tag="720">
      <subfield code="a">CoRIS</subfield>
      <subfield code="e">author</subfield>
   </datafield>
   <datafield ind2=" " ind1=" " tag="260">
      <subfield code="c">2024-03-01</subfield>
   </datafield>
   <datafield ind2=" " ind1=" " tag="520">
      <subfield code="a">Objective: To estimate life expectancy of people with HIV (PWH) and describe causes of death. Design: Antiretroviral therapy (ART)-naive adults from the CoRIS cohort starting ART in 2004-2019. Methods: We calculated life expectancy at age 40 for men and women according to their ART initiation period, and stratified by transmission category, CD4 + cell count and AIDS diagnosis. We estimated life expectancy in 10-year age bands using life tables constructed from mortality rates, estimated through Poisson models. Results: Life expectancy increased from 65.8 [95% confidence interval (CI) 65.0-66.6] in 2004-2008 to 72.9 (72.2-73.7) in 2014-2019 in men [general population comparators (GPC): 79.1 and 81.2 years, respectively] and from 65.8 (65.0-66.6) to 72.5 (71.8-73.3) in women (GPC: 84.9 and 86.4, respectively). Non-AIDS-related deaths accounted for 68% of deaths among men and 78% among women. Life expectancy was longer when starting ART with higher CD4 + cell counts and without AIDS. For men acquiring HIV through sex with men, starting ART in 2014-2019 without AIDS, life expectancy was 75.0 (74.2-75.7) with CD4 + cell count less than 200 cells/μl, rising to 78.1 (77.5-78.8) with CD4 + cell count at least 350 cells/μl. Corresponding figures were 70.1 (69.4-70.9) and 76.0 (75.3-76.7) for men acquiring HIV heterosexually (HTX) and 61.5 (60.7-62.3) and 69.0 (68.2-69.8) for those acquiring HIV through injection drug use (IDU). For women starting ART from 2014 without AIDS, life expectancy increased from 71.7 (71.0-72.4) to 77.3 (76.7-77.9) among HTX and from 63.7 (62.9-64.5) to 70.7 (70.0-71.5) among IDU. Conclusion: Our findings confirm the progressive improvement of life expectancy in PWH in Spain over the last decades, supporting the insurability of PWH on suppressive ART in our current setting and time.</subfield>
   </datafield>
   <datafield ind1="8" ind2=" " tag="024">
      <subfield code="a">Jarrín I, Rava M, Del Romero Raposo J, Rivero A, Del Romero Guerrero J, De Lagarde M, Martínez Sanz J, Navarro G, Dalmau D, Blanco JR, Koerting A, Gomez Castell J, Del Amo J; CoRIS. Life expectancy of people with HIV on antiretroviral therapy in Spain. AIDS. 2024 Mar 1;38(3):387-395. doi: 10.1097/QAD.0000000000003772. Epub 2023 Oct 27. PMID: 37905999.</subfield>
   </datafield>
   <datafield ind1="8" ind2=" " tag="024">
      <subfield code="a">10.1097/QAD.0000000000003772</subfield>
   </datafield>
   <datafield ind1="8" ind2=" " tag="024">
      <subfield code="a">AIDS</subfield>
   </datafield>
   <datafield ind1="8" ind2=" " tag="024">
      <subfield code="a">37905999</subfield>
   </datafield>
   <datafield ind1="8" ind2=" " tag="024">
      <subfield code="a">https://hdl.handle.net/20.500.12105/27146</subfield>
   </datafield>
   <datafield tag="653" ind2=" " ind1=" ">
      <subfield code="a">Combination antiretroviral therapy</subfield>
   </datafield>
   <datafield tag="653" ind2=" " ind1=" ">
      <subfield code="a">HIV</subfield>
   </datafield>
   <datafield tag="653" ind2=" " ind1=" ">
      <subfield code="a">Insurance</subfield>
   </datafield>
   <datafield tag="653" ind2=" " ind1=" ">
      <subfield code="a">Life expectancy</subfield>
   </datafield>
   <datafield tag="653" ind2=" " ind1=" ">
      <subfield code="a">Mortality</subfield>
   </datafield>
   <datafield ind2="0" ind1="0" tag="245">
      <subfield code="a">Life expectancy of people with HIV on antiretroviral therapy in Spain.</subfield>
   </datafield>
</record></metadata></record></GetRecord></OAI-PMH>